[Event "Rated Blitz game"]
[Site "?"]
[Date "2021.06.17"]
[Round "?"]
[White "taoneto"]
[Black "Sulfaremus"]
[Result "1-0"]
[WhiteElo "2432"]
[BlackElo "2592"]
[PlyCount "131"]
[EventDate "2021.??.??"]
[EventType "blitz"]

1. e4 e5 2. Nf3 d5 3. exd5 Bd6 4. d4 e4 5. Ne5 Nd7 6. Nxd7 Bxd7 7. c4 Qh4 8. g3
Qf6 9. c5 Be7 10. Nc3 Qg6 11. Bg2 f5 12. Bf4 c6 13. d6 Bd8 14. d5 Nf6 15. dxc6
Bxc6 16. Qb3 Qf7 17. Bf1 e3 18. Qxf7+ Kxf7 19. Bc4+ Kg6 20. O-O exf2+ 21. Rxf2
Ng4 22. Re2 Bf6 23. Rd1 Bf3 24. Red2 Bxd1 25. Rxd1 h5 26. h4 Ne5 27. Bd5 Rac8
28. b4 a5 29. a3 axb4 30. axb4 Nc6 31. Bxc6 bxc6 32. Na4 Rce8 33. d7 Re4 34.
Bc7 Rxb4 35. Nb6 Bd8 36. Bxd8 Rxd8 37. Nc8 Rc4 38. Ne7+ Kh6 39. Nxc6 Rxd7 40.
Rxd7 Rxc5 41. Rd6+ g6 42. Ne7 Kg7 43. Nxg6 Rc2 44. Nf4 Rb2 45. Nxh5+ Kh7 46.
Nf6+ Kg7 47. Nd5 Kf7 48. Rf6+ Kg7 49. Rxf5 Rd2 50. Nf4 Kh6 51. Rg5 Rd7 52. Rg6+
Kh7 53. h5 Rd1+ 54. Kg2 Rd2+ 55. Kh3 Rd5 56. g4 Rd3+ 57. Kh4 Rd1 58. Kg5 Ra1
59. h6 Ra5+ 60. Kh4 Ra4 61. Rf6 Rxf4 62. Rxf4 Kg6 63. g5 Kh7 64. Kh5 Kg8 65. g6
Kh8 66. Rf8# {Normal} 1-0

[Event "Rated Blitz tournament hqYjYCN8"]
[Site "?"]
[Date "2021.06.17"]
[Round "?"]
[White "Sherwoodman"]
[Black "Lur15"]
[Result "1/2-1/2"]
[WhiteElo "2675"]
[BlackElo "2363"]
[PlyCount "107"]
[EventDate "2021.??.??"]
[EventType "blitz"]

1. e4 e5 2. Nf3 d5 3. exd5 e4 4. Qe2 Nf6 5. d3 Qxd5 6. Nc3 Bb4 7. Bd2 Bxc3 8.
Bxc3 O-O 9. dxe4 Nxe4 10. Rd1 Nxc3 11. bxc3 Qxa2 12. Qd3 Nc6 13. Be2 Be6 14.
O-O Rad8 15. Nd4 Ne5 16. Qe3 Nc4 17. Bxc4 Qxc4 18. f4 Bg4 19. Rde1 c5 20. Nb3
b6 21. Qg3 Bf5 22. Re7 Bxc2 23. Nc1 Bd3 24. Rfe1 Qxc3 25. Rxa7 Qd4+ 26. Kh1
Rde8 27. Nxd3 Qxd3 28. Rea1 Qxg3 29. hxg3 Re3 30. Rb1 Rxg3 31. Rxb6 Rg4 32. f5
Rf4 33. f6 Rxf6 34. Rxf6 gxf6 35. Rc7 Kg7 36. Rxc5 Kg6 37. g3 Rd8 38. Kg2 f5
39. Kf3 Rd3+ 40. Kf4 Rd4+ 41. Kf3 Ra4 42. Rc8 h6 43. Rg8+ Kf6 44. Rc8 h5 45.
Rh8 Kg6 46. Rg8+ Kh7 47. Rg5 Ra3+ 48. Kf4 Ra4+ 49. Kxf5 Ra5+ 50. Kf6 Rxg5 51.
Kxg5 Kg7 52. Kxh5 Kh7 53. Kg5 Kg7 54. Kf5 {Normal} 1/2-1/2

[Event "Rated Blitz tournament KNz7pV4C"]
[Site "?"]
[Date "2021.06.17"]
[Round "?"]
[White "viewer94"]
[Black "CarlitosCL"]
[Result "1-0"]
[WhiteElo "2456"]
[BlackElo "2228"]
[PlyCount "55"]
[EventDate "2021.??.??"]
[EventType "blitz"]

1. e4 e5 2. Nf3 d5 3. exd5 Qxd5 4. Nc3 Qe6 5. Be2 Bd6 6. O-O Ne7 7. d4 exd4 8.
Nxd4 Qf6 9. Ne4 Bxh2+ 10. Kxh2 Qh4+ 11. Kg1 Qxe4 12. Bf3 Qg6 13. Re1 Qf6 14.
Qe2 Kf8 15. Nb5 Na6 16. b3 Be6 17. Ba3 c6 18. Nd6 Nc7 19. Nxb7 Nb5 20. Bc5 Nd4
21. Bxd4 Qxd4 22. Rad1 Qb6 23. Qd2 Bd5 24. Bxd5 cxd5 25. Rxe7 Kxe7 26. Qxd5 Qe6
27. Qc5+ Kf6 28. Rd6 {Normal} 1-0

[Event "Rated Blitz game"]
[Site "?"]
[Date "2021.06.17"]
[Round "?"]
[White "UzumakiNaruto"]
[Black "annaly1979"]
[Result "0-1"]
[WhiteElo "2531"]
[BlackElo "2440"]
[PlyCount "38"]
[EventDate "2021.??.??"]
[EventType "blitz"]

1. e4 e5 2. Nf3 d5 3. Nxe5 Qe7 4. d4 f6 5. Qh5+ g6 6. Nxg6 Qxe4+ 7. Kd1 Qxg6 8.
Qxd5 Ne7 9. Qb3 Nbc6 10. Be3 Bf5 11. Qxb7 Bxc2+ 12. Kc1 Rb8 13. Qxc7 Bxb1 14.
Rxb1 Rc8 15. Qg3 Nb4+ 16. Kd2 Qc2+ 17. Ke1 Qxb1+ 18. Ke2 Qc2+ 19. Kf3 Qf5+ {
Normal} 0-1

[Event "Rated Blitz game"]
[Site "?"]
[Date "2021.06.17"]
[Round "?"]
[White "Larmor"]
[Black "pasha1984"]
[Result "0-1"]
[WhiteElo "2423"]
[BlackElo "2371"]
[PlyCount "112"]
[EventDate "2021.??.??"]
[EventType "blitz"]

1. e4 e5 2. Nf3 d5 3. exd5 e4 4. Qe2 Nf6 5. d3 Qxd5 6. Bd2 Be7 7. dxe4 Qxe4 8.
Nc3 Qxe2+ 9. Bxe2 Nc6 10. O-O-O a6 11. Bf4 Bd8 12. h3 O-O 13. g4 h6 14. Rhe1
Be6 15. Bd3 b5 16. Ne4 Nd5 17. Bg3 Be7 18. Nc3 Nxc3 19. bxc3 Bxa2 20. Kb2 Bd5
21. Bh7+ Kxh7 22. Rxd5 Bf6 23. Bxc7 b4 24. g5 Bxc3+ 25. Kc1 Bxe1 26. Nxe1 hxg5
27. Rxg5 Rac8 28. Bg3 Nd4 29. Rh5+ Kg8 30. Rd5 Nxc2 31. Nxc2 b3 32. Ra5 Rxc2+
33. Kb1 Ra2 34. Rxa2 bxa2+ 35. Kxa2 Rc8 36. h4 g6 37. Ka3 f5 38. Ka4 Kf7 39.
Ka5 Rc6 40. Bf4 Ke6 41. Kb4 Kd5 42. Ka5 Ke4 43. Be3 Kf3 44. Ba7 Kg4 45. h5 gxh5
46. Be3 h4 47. Bd4 f4 48. Be5 h3 49. f3+ Kxf3 50. Bd4 h2 51. Bb6 Rxb6 52. Kxb6
h1=Q 53. Ka7 Qb1 54. Ka8 a5 55. Ka7 a4 56. Ka8 a3 {Normal} 0-1

[Event "Rated Blitz game"]
[Site "?"]
[Date "2021.06.17"]
[Round "?"]
[White "Lantori"]
[Black "NB4"]
[Result "1-0"]
[WhiteElo "2522"]
[BlackElo "2586"]
[PlyCount "97"]
[EventDate "2021.??.??"]
[EventType "blitz"]

1. e4 e5 2. Nf3 d5 3. exd5 e4 4. Qe2 Nf6 5. d3 Qxd5 6. Nbd2 Nc6 7. dxe4 Qh5 8.
Qb5 Qxb5 9. Bxb5 Bd7 10. c3 O-O-O 11. O-O a6 12. Bc4 Be8 13. Bb3 Nd7 14. Ng5
Nce5 15. f4 Bc5+ 16. Kh1 Nd3 17. e5 Nf2+ 18. Rxf2 Bxf2 19. Nde4 Bb6 20. e6 fxe6
21. Nxe6 Bg6 22. N4g5 Rde8 23. Bd2 h6 24. Nf3 Bf7 25. Nxg7 Ref8 26. Ne6 Re8 27.
f5 Nf6 28. Ne5 Bh5 29. h3 Ne4 30. Bf4 Nf2+ 31. Kh2 Rhg8 32. g4 Bxg4 33. hxg4
Nxg4+ 34. Nxg4 Rxg4 35. Kh3 h5 36. Rd1 Bf2 37. f6 Rgg8 38. f7 Rgf8 39. Nxf8
Rxf8 40. Be6+ Kb8 41. Bh6 Bc5 42. Bxf8 Bxf8 43. Rd8+ Ka7 44. Rxf8 Kb6 45. Rh8
a5 46. f8=Q c6 47. Qd8+ Kb5 48. Rxh5+ Ka4 49. Qxa5# {Normal} 1-0

[Event "Rated Blitz game"]
[Site "?"]
[Date "2021.06.17"]
[Round "?"]
[White "PerpetuumChessPlayer"]
[Black "ahoramahora"]
[Result "1-0"]
[WhiteElo "2418"]
[BlackElo "2350"]
[PlyCount "69"]
[EventDate "2021.??.??"]
[EventType "blitz"]

1. e4 e5 2. Nf3 d5 3. exd5 e4 4. Qe2 Nf6 5. d3 Qxd5 6. Nbd2 Nc6 7. dxe4 Qa5 8.
c3 Bg4 9. Nc4 Qh5 10. Bf4 O-O-O 11. Ne3 Bxf3 12. Qxf3 Bc5 13. Be2 Qg6 14. e5
Nd7 15. Nc4 Rhe8 16. O-O-O Ndxe5 17. Rxd8+ Kxd8 18. Nxe5 Nxe5 19. Qxb7 Bd6 20.
Rd1 Qf5 21. Bg3 Re6 22. Qa8+ Ke7 23. Bb5 Kf6 24. Bh4+ Kg6 25. Bg3 h6 26. f4 Kf6
27. fxe5+ Bxe5 28. Bxe5+ Qxe5 29. Qf3+ Kg6 30. Bd3+ f5 31. g4 Rf6 32. Bxf5+ Kg5
33. h4+ Kxh4 34. Rh1+ Kg5 35. Rh5# {Normal} 1-0

[Event "Rated Blitz game"]
[Site "?"]
[Date "2021.06.17"]
[Round "?"]
[White "viewer94"]
[Black "ahoramahora"]
[Result "0-1"]
[WhiteElo "2473"]
[BlackElo "2402"]
[PlyCount "118"]
[EventDate "2021.??.??"]
[EventType "blitz"]

1. e4 e5 2. Nf3 d5 3. exd5 e4 4. Qe2 Nf6 5. d3 Qxd5 6. Nbd2 Bb4 7. c3 Be7 8.
dxe4 Qa5 9. Qb5+ Qxb5 10. Bxb5+ c6 11. Bd3 Bg4 12. h3 Bh5 13. O-O Nbd7 14. Nd4
Ne5 15. Bc2 O-O-O 16. f4 Ned7 17. g4 Bxg4 18. hxg4 Nxg4 19. Nf5 Bc5+ 20. Kg2 g6
21. b4 Bb6 22. Nd6+ Kb8 23. N6c4 Bc7 24. Nf3 h5 25. e5 f6 26. exf6 Ndxf6 27.
Nd4 Nd5 28. Bd2 b5 29. Nxc6+ Kc8 30. Nxd8 bxc4 31. Ne6 Nde3+ 32. Bxe3 Nxe3+ 33.
Kf3 Nxc2 34. Rac1 Na3 35. Rg1 Rh6 36. Ke4 Bb6 37. Rg5 a6 38. Kd5 Nb5 39. Kc6
Be3 40. Rd1 Rh8 41. Rxg6 Nxc3 42. Rd7 Kb8 43. Rgg7 Rc8+ 44. Kd6 Nb5+ 45. Ke5 c3
46. Rb7+ Ka8 47. a4 c2 48. axb5 c1=Q 49. bxa6 Qc3+ 50. Kf5 Qd3+ 51. Kf6 Bd4+
52. Nxd4 Qxd4+ 53. Kg6 h4 54. f5 h3 55. f6 h2 56. f7 h1=Q 57. Rg8 Qg2+ 58. Kf5
Rxg8 59. fxg8=Q+ Qxg8 {Normal} 0-1

[Event "Rated Blitz game"]
[Site "?"]
[Date "2021.06.17"]
[Round "?"]
[White "NeonJustice"]
[Black "Razario90"]
[Result "0-1"]
[WhiteElo "2289"]
[BlackElo "2411"]
[PlyCount "36"]
[EventDate "2021.??.??"]
[EventType "blitz"]

1. e4 e5 2. Nf3 d5 3. exd5 e4 4. Qe2 Nf6 5. d3 Qxd5 6. Nbd2 Nc6 7. dxe4 Qc5 8.
Nb3 Qh5 9. Bg5 Be7 10. O-O-O O-O 11. h3 Re8 12. g4 Bxg4 13. Bg2 Bxf3 14. Bxf3
Qxg5+ 15. Kb1 Bd6 16. Rdg1 Qf4 17. Rg2 Re7 18. Rhg1 g6 {Normal} 0-1

[Event "Rated Blitz tournament GBYLqltl"]
[Site "?"]
[Date "2021.06.17"]
[Round "?"]
[White "Mischer86"]
[Black "Schachelite"]
[Result "0-1"]
[WhiteElo "2408"]
[BlackElo "2463"]
[PlyCount "72"]
[EventDate "2021.??.??"]
[EventType "blitz"]

1. e4 e5 2. Nf3 d5 3. Nxe5 Bd6 4. d4 dxe4 5. Bc4 Bxe5 6. dxe5 Qxd1+ 7. Kxd1 Nc6
8. Bf4 Nge7 9. Re1 Bg4+ 10. Kc1 Ng6 11. Bg3 Ngxe5 12. Bxe5 Nxe5 13. Rxe4 O-O-O
14. Nc3 Nxc4 15. Rxg4 Rhe8 16. Re4 f5 17. Rxe8 Rxe8 18. b3 Re1+ 19. Nd1 Nd6 20.
Kd2 Rh1 21. h3 Ne4+ 22. Ke3 Re1+ 23. Kd3 Nxf2+ 24. Kd2 Rxd1+ 25. Rxd1 Nxd1 26.
Kxd1 Kd7 27. Ke2 Ke6 28. Ke3 Ke5 29. h4 f4+ 30. Kf3 Kf5 31. g4+ fxg3 32. Kxg3
g5 33. hxg5 Kxg5 34. Kh3 Kf4 35. Kh4 Ke3 36. Kh5 Kd2 {Normal} 0-1

[Event "Rated Blitz game"]
[Site "?"]
[Date "2021.06.17"]
[Round "?"]
[White "Subhayan_1"]
[Black "lavilaine"]
[Result "0-1"]
[WhiteElo "2483"]
[BlackElo "2342"]
[PlyCount "26"]
[EventDate "2021.??.??"]
[EventType "blitz"]

1. e4 e5 2. Nf3 d5 3. Nc3 d4 4. Ne2 Bd6 5. c3 c5 6. d3 Nc6 7. Nfg1 f5 8. exf5
Bxf5 9. c4 Nf6 10. Ng3 Qd7 11. Be2 O-O 12. Nf3 Rae8 13. O-O e4 {Normal} 0-1

[Event "Rated Blitz game"]
[Site "?"]
[Date "2021.06.17"]
[Round "?"]
[White "LennySnarks"]
[Black "ahoramahora"]
[Result "0-1"]
[WhiteElo "2423"]
[BlackElo "2399"]
[PlyCount "112"]
[EventDate "2021.??.??"]
[EventType "blitz"]

1. e4 e5 2. Nf3 d5 3. Nxe5 Bd6 4. d4 dxe4 5. Nc4 Nf6 6. Be2 O-O 7. O-O h6 8.
Ne3 Nc6 9. b3 Nxd4 10. Bb2 c5 11. Nc3 Be6 12. Kh1 a6 13. Qd2 Nxe2 14. Qxe2 Be5
15. Rad1 Qa5 16. Nc4 Bxc4 17. Qxc4 Rfe8 18. a4 Qb4 19. Ba1 Qxc4 20. bxc4 Bxc3
21. Bxc3 Rad8 22. Rb1 Rd7 23. Rb6 Ng4 24. h3 Ne5 25. Bxe5 Rxe5 26. Rfb1 Ree7
27. Kg1 f5 28. g3 Kf7 29. Kf1 h5 30. h4 e3 31. fxe3 Rxe3 32. Rxb7 Rxb7 33.
Rxb7+ Kf6 34. Rb6+ Re6 35. a5 Ke5 36. Rxe6+ Kxe6 37. Ke2 Ke5 38. Ke3 Kf6 39.
Kf4 g6 40. c3 Ke6 41. Kg5 Kf7 42. Kf4 Kf6 43. Kf3 Ke6 44. Kf4 Kf6 45. Kf3 g5
46. Ke3 Kg6 47. Kf3 Kf6 48. Ke3 Kg6 49. Kf3 f4 50. hxg5 fxg3 51. Kxg3 Kxg5 52.
Kh3 Kf5 53. Kh4 Ke4 54. Kxh5 Kd3 55. Kg4 Kxc4 56. Kf4 Kxc3 {Normal} 0-1

[Event "Rated Blitz game"]
[Site "?"]
[Date "2021.06.17"]
[Round "?"]
[White "WhisperingXylophone"]
[Black "King_bg03"]
[Result "0-1"]
[WhiteElo "2624"]
[BlackElo "2502"]
[PlyCount "52"]
[EventDate "2021.??.??"]
[EventType "blitz"]

1. e4 e5 2. Nf3 d5 3. Nxe5 Bd6 4. d4 dxe4 5. Nc4 Be7 6. Nc3 Nf6 7. Bf4 O-O 8.
Be2 Nc6 9. d5 Nb4 10. a3 Nbxd5 11. Nxd5 Nxd5 12. Bg3 f5 13. Be5 Bf6 14. O-O Be6
15. Qd4 Nf4 16. Qe3 Nxe2+ 17. Qxe2 Bxe5 18. Nxe5 Qd4 19. Nf3 Qc4 20. Rfe1 Qxe2
21. Rxe2 Bc4 22. Re3 exf3 23. Rxf3 Bd5 24. Rd3 c6 25. b3 Be4 26. Rd7 Rf7 {
Normal} 0-1

[Event "Rated Blitz game"]
[Site "?"]
[Date "2021.06.17"]
[Round "?"]
[White "divergent_twin"]
[Black "annaly1979"]
[Result "1-0"]
[WhiteElo "2473"]
[BlackElo "2456"]
[PlyCount "87"]
[EventDate "2021.??.??"]
[EventType "blitz"]

1. e4 e5 2. Nf3 d5 3. Nxe5 Qe7 4. d4 f6 5. Ng4 Nc6 6. Nc3 Qb4 7. Ne3 Nge7 8.
Bd2 Qxd4 9. Nb5 Qb6 10. a4 a5 11. exd5 Nd4 12. Nc4 Qc5 13. Be3 Nef5 14. Nxc7+
Qxc7 15. Bxd4 Nxd4 16. Qxd4 Bc5 17. Qe4+ Kf7 18. d6 Bxd6 19. Qd5+ Be6 20. Qxd6
Rac8 21. Qxc7+ Rxc7 22. b3 Rd8 23. Bd3 Bxc4 24. Bxc4+ Kg6 25. O-O Rd2 26. Bd3+
Kh6 27. Rad1 Rxd1 28. Rxd1 Rd7 29. Kf1 g6 30. Re1 Kg5 31. Re6 Rd5 32. Rb6 Rd7
33. Rb5+ f5 34. Rxa5 Kf4 35. Rb5 Re7 36. h4 Kg4 37. g3 Kf3 38. Rc5 f4 39. gxf4
Kxf4 40. h5 Kf3 41. hxg6 hxg6 42. Rc4 g5 43. Be2+ Rxe2 44. Rc3+ {Normal} 1-0

[Event "Rated Blitz tournament GBYLqltl"]
[Site "?"]
[Date "2021.06.17"]
[Round "?"]
[White "torolino"]
[Black "Schachelite"]
[Result "0-1"]
[WhiteElo "2314"]
[BlackElo "2469"]
[PlyCount "80"]
[EventDate "2021.??.??"]
[EventType "blitz"]

1. e4 e5 2. Nf3 d5 3. Nc3 d4 4. Ne2 Nc6 5. d3 Bb4+ 6. Bd2 Bxd2+ 7. Qxd2 Qe7 8.
Ng3 Be6 9. Nf5 Bxf5 10. exf5 f6 11. g4 h6 12. Bg2 Qb4 13. Nh4 Qxd2+ 14. Kxd2
Nge7 15. f4 O-O-O 16. Rae1 exf4 17. Rhf1 Ne5 18. Rxf4 Rd6 19. Rfe4 Rhd8 20. Nf3
Nxf3+ 21. Bxf3 Nc6 22. Re6 Ne5 23. Rxd6 Rxd6 24. Bd1 Rb6 25. b3 Rd6 26. Re4 Kd7
27. h4 c5 28. g5 hxg5 29. hxg5 Ke7 30. g6 Rd8 31. Rh4 Kd6 32. Rh7 Rd7 33. Rh8
Nc6 34. Bf3 Ne7 35. Be4 Ke5 36. Ke2 Nxf5 37. Kf3 Ne7 38. Rb8 b6 39. Rh8 f5 40.
Rh5 Kf6 {Normal} 0-1

[Event "Rated Blitz game"]
[Site "?"]
[Date "2021.06.17"]
[Round "?"]
[White "Zwanezang"]
[Black "tenagakuda"]
[Result "1-0"]
[WhiteElo "2402"]
[BlackElo "2225"]
[PlyCount "21"]
[EventDate "2021.??.??"]
[EventType "blitz"]

1. e4 e5 2. Nf3 d5 3. Nxe5 Bd6 4. Nxf7 Kxf7 5. Qh5+ Kf8 6. Qxd5 Nf6 7. Qc4 Nc6
8. Nc3 Ne5 9. Qb3 Rb8 10. d4 Be6 11. Qxe6 {Normal} 1-0

[Event "Rated Blitz game"]
[Site "?"]
[Date "2021.06.17"]
[Round "?"]
[White "rs69"]
[Black "Taabling"]
[Result "1-0"]
[WhiteElo "2583"]
[BlackElo "2507"]
[PlyCount "115"]
[EventDate "2021.??.??"]
[EventType "blitz"]

1. e4 e5 2. Nf3 d5 3. exd5 Bd6 4. Nc3 Nf6 5. d4 e4 6. Ne5 O-O 7. Bc4 Nbd7 8.
Bf4 Qe7 9. Nxd7 Bxd7 10. Qd2 Ng4 11. O-O-O f5 12. h3 Nf6 13. Be5 Kh8 14. f4
exf3 15. Bxd6 cxd6 16. gxf3 Rac8 17. Bb3 b5 18. Ne2 Nh5 19. Rde1 Qf6 20. c3 a5
21. Bc2 b4 22. cxb4 axb4 23. Qxb4 Rc7 24. Nc3 Rfc8 25. Re3 g6 26. Rhe1 Nf4 27.
Kb1 Ng2 28. Re6 Bxe6 29. Rxe6 Qf8 30. Qxd6 Qxd6 31. Rxd6 Nf4 32. h4 Ne2 33.
Nxe2 Rxc2 34. Rd8+ Rxd8 35. Kxc2 Rxd5 36. b4 Kg7 37. a4 Kf6 38. b5 Ke7 39. Kb3
h6 40. Kc4 Rd8 41. b6 g5 42. hxg5 hxg5 43. a5 Kd6 44. Kb5 g4 45. fxg4 fxg4 46.
a6 Re8 47. a7 Rxe2 48. a8=Q Rb2+ 49. Kc4 Rxb6 50. Qd8+ Kc6 51. d5+ Kb7 52. Qd7+
Kb8 53. Qxg4 Ra6 54. Kb5 Ra2 55. Qg8+ Kb7 56. Qg7+ Kb8 57. d6 Rb2+ 58. Qxb2 {
Normal} 1-0

[Event "Rated Blitz game"]
[Site "?"]
[Date "2021.06.17"]
[Round "?"]
[White "Printezis04"]
[Black "KamranShirazi"]
[Result "0-1"]
[WhiteElo "2587"]
[BlackElo "2581"]
[PlyCount "20"]
[EventDate "2021.??.??"]
[EventType "blitz"]

1. e4 e5 2. Nf3 d5 3. exd5 e4 4. Qe2 Nf6 5. d3 Bb4+ 6. Bd2 O-O 7. Bxb4 exf3 8.
Qxf3 Re8+ 9. Kd2 Nxd5 10. Bc3 Qg5+ {Normal} 0-1

[Event "Rated Blitz game"]
[Site "?"]
[Date "2021.06.17"]
[Round "?"]
[White "Blowf1sh"]
[Black "khalid_ontawar"]
[Result "0-1"]
[WhiteElo "2442"]
[BlackElo "2447"]
[PlyCount "109"]
[EventDate "2021.??.??"]
[EventType "blitz"]

1. e4 e5 2. Nf3 d5 3. exd5 e4 4. Qe2 Nf6 5. d3 Bf5 6. Bg5 Be7 7. dxe4 Nxe4 8.
Bxe7 Qxe7 9. Nc3 Nxc3 10. Qxe7+ Kxe7 11. bxc3 Bxc2 12. Kd2 Bg6 13. h4 h5 14.
Bd3 Bxd3 15. Kxd3 Nd7 16. Rhe1+ Kd6 17. c4 Rae8 18. Ng5 Ne5+ 19. Rxe5 Kxe5 20.
Nxf7+ Kf6 21. Nxh8 Rxh8 22. Re1 Rd8 23. Re6+ Kf7 24. Kd4 Rg8 25. c5 g5 26. Rh6
gxh4 27. Rh7+ Ke8 28. Rxc7 Rxg2 29. Rxb7 Rxf2 30. d6 h3 31. c6 Rd2+ 32. Ke5 h2
33. d7+ Ke7 34. Rb1 Kd8 35. Rb8+ Kc7 36. Rc8+ Kb6 37. Rb8+ Kxc6 38. Rb1 Kxd7
39. a4 Rg2 40. Rh1 h4 41. Kf4 h3 42. Kf3 Kc6 43. a5 Kb5 44. a6 Kxa6 45. Ra1+
Kb6 46. Rb1+ Kc6 47. Rc1+ Kd6 48. Rd1+ Ke6 49. Re1+ Kf5 50. Rh1 a5 51. Ke3 a4
52. Kf3 a3 53. Ke3 a2 54. Kf3 Rg1 55. Rxh2 {Normal} 0-1

[Event "Rated Blitz game"]
[Site "?"]
[Date "2021.06.17"]
[Round "?"]
[White "Blowf1sh"]
[Black "khalid_ontawar"]
[Result "1-0"]
[WhiteElo "2442"]
[BlackElo "2447"]
[PlyCount "73"]
[EventDate "2021.??.??"]
[EventType "blitz"]

1. e4 e5 2. Nf3 d5 3. exd5 e4 4. Qe2 Nf6 5. d3 Bf5 6. Bg5 Be7 7. Bxf6 exf3 8.
Qxe7+ Qxe7+ 9. Bxe7 fxg2 10. Bxg2 Kxe7 11. d6+ cxd6 12. Bxb7 Nd7 13. Bxa8 Rxa8
14. Nc3 Rb8 15. O-O-O Be6 16. Rhe1 Kf6 17. Ne4+ Ke7 18. Ng5 h6 19. Nxe6 fxe6
20. Re4 Rf8 21. Rde1 e5 22. f4 Ke6 23. fxe5 dxe5 24. d4 Rf2 25. dxe5 Rxh2 26.
Rd4 Nxe5 27. Rde4 Rh5 28. c4 Rf5 29. c5 Kd5 30. R4e3 Nc6 31. Rc3 g5 32. Rd1+
Ke5 33. Rd6 Rf6 34. Rxf6 Kxf6 35. Rd3 Ke5 36. Rd6 Nd4 37. Rxd4 {Normal} 1-0

[Event "Rated Blitz tournament GBYLqltl"]
[Site "?"]
[Date "2021.06.17"]
[Round "?"]
[White "derbestewogibt"]
[Black "Schachelite"]
[Result "0-1"]
[WhiteElo "2460"]
[BlackElo "2478"]
[PlyCount "50"]
[EventDate "2021.??.??"]
[EventType "blitz"]

1. e4 e5 2. Nf3 d5 3. exd5 e4 4. Qe2 Nf6 5. d3 Qxd5 6. dxe4 Qxe4 7. Nc3 Bb4 8.
Bd2 Qxe2+ 9. Bxe2 c6 10. Bd3 Be6 11. a3 Bc5 12. O-O-O Nbd7 13. Rhe1 O-O 14. h3
Bxf2 15. Re2 Bb6 16. Bg5 Nd5 17. Nxd5 Bxd5 18. Be4 Be6 19. Red2 Nc5 20. Bd3 h6
21. Bh4 g5 22. Bg3 Rfd8 23. Bf1 Rxd2 24. Rxd2 Ne4 25. Be1 Be3 {Normal} 0-1

[Event "Rated Blitz game"]
[Site "?"]
[Date "2021.06.17"]
[Round "?"]
[White "Napo18"]
[Black "KinzyabulatovRenat"]
[Result "0-1"]
[WhiteElo "2629"]
[BlackElo "2442"]
[PlyCount "48"]
[EventDate "2021.??.??"]
[EventType "blitz"]

1. e4 e5 2. Nf3 d5 3. d3 dxe4 4. dxe4 Qxd1+ 5. Kxd1 Nf6 6. Nxe5 Nxe4 7. Be3 Bd6
8. Nc4 Bc5 9. Bxc5 Nxc5 10. Nbd2 Nc6 11. Be2 Nd4 12. Re1 O-O 13. Bf1 Bf5 14.
Ne3 Bg6 15. c3 Nc6 16. Nb3 Na4 17. Kc1 a6 18. Nd5 Rac8 19. Nd4 Nxd4 20. Ne7+
Kh8 21. Nxc8 Nc2 22. Ne7 Nxe1 23. Kd2 Rd8+ 24. Kxe1 Re8 {Normal} 0-1

[Event "Rated Blitz game"]
[Site "?"]
[Date "2021.06.17"]
[Round "?"]
[White "ZAN_GUREEZ123"]
[Black "ALYHUTANGzKi76"]
[Result "1-0"]
[WhiteElo "2469"]
[BlackElo "2416"]
[PlyCount "95"]
[EventDate "2021.??.??"]
[EventType "blitz"]

1. e4 e5 2. Nf3 d5 3. exd5 e4 4. Qe2 Nf6 5. d3 Qxd5 6. Nc3 Bb4 7. dxe4 Qxe4 8.
Bd2 Qxe2+ 9. Bxe2 Nc6 10. O-O-O O-O 11. h3 Bf5 12. Bg5 Bxc3 13. bxc3 Ne4 14.
Rd5 Be6 15. Rb5 Nxc3 16. Bd3 Nxb5 17. Bxb5 Bxa2 18. Rd1 f6 19. Bf4 Rac8 20. Rd7
Ne5 21. Nxe5 fxe5 22. Bxe5 Rf7 23. Rd2 Rf5 24. f4 g5 25. Bd7 Rff8 26. Bxc8 Rxc8
27. fxg5 Rf8 28. Bxc7 Rc8 29. Rd7 Be6 30. Re7 Bd5 31. g3 Bf7 32. Be5 Bg6 33. c3
Be4 34. h4 a5 35. Bd4 Bd5 36. Rg7+ Kf8 37. Rxh7 Rc4 38. g6 a4 39. Kb2 Rc6 40.
h5 Ra6 41. Ka3 b5 42. h6 Rxg6 43. Rd7 Bc4 44. h7 Rh6 45. h8=Q+ Rxh8 46. Bxh8
Ke8 47. Ra7 Kf8 48. g4 {Normal} 1-0

[Event "Rated Blitz game"]
[Site "?"]
[Date "2021.06.17"]
[Round "?"]
[White "nrm18"]
[Black "ahoramahora"]
[Result "1-0"]
[WhiteElo "2438"]
[BlackElo "2380"]
[PlyCount "41"]
[EventDate "2021.??.??"]
[EventType "blitz"]

1. e4 e5 2. Nf3 d5 3. Nxe5 Bd6 4. d4 dxe4 5. Nc4 Nf6 6. Ne3 O-O 7. Be2 h6 8.
O-O Nc6 9. c3 Be7 10. f3 exf3 11. Bxf3 Re8 12. Nd2 Rb8 13. Ne4 Nxe4 14. Bxe4
Bd7 15. Bd5 Rf8 16. Qh5 Bf6 17. Bb3 b6 18. Bc2 Qe7 19. Nf5 Bxf5 20. Qxf5 Rfe8
21. Qh7+ {Normal} 1-0

[Event "Rated Blitz game"]
[Site "?"]
[Date "2021.06.17"]
[Round "?"]
[White "Mohsen_Vaghar_2008"]
[Black "ahoramahora"]
[Result "1-0"]
[WhiteElo "2573"]
[BlackElo "2344"]
[PlyCount "88"]
[EventDate "2021.??.??"]
[EventType "blitz"]

1. e4 e5 2. Nf3 d5 3. exd5 e4 4. Qe2 Nf6 5. Nc3 Be7 6. Nxe4 O-O 7. Nxf6+ Bxf6
8. d4 Re8 9. Be3 Qxd5 10. Qc4 Be6 11. Qxd5 Bxd5 12. O-O-O a5 13. a3 Nc6 14. Be2
Rad8 15. c3 Bb3 16. Rde1 a4 17. Bd1 Bd5 18. Bxa4 Re7 19. Rhg1 Bxf3 20. gxf3 Na5
21. Kc2 Nc4 22. Bc1 Rxe1 23. Rxe1 c6 24. Bb3 Na5 25. Ba2 b5 26. Bf4 Nb7 27. Bb1
h6 28. b4 Nd6 29. Kb3 Nc4 30. a4 Nb6 31. a5 Nd5 32. Bd2 Kf8 33. Be4 Ne7 34. Bf4
Rc8 35. a6 Ra8 36. Ra1 Ke8 37. a7 Kd7 38. Bb8 Nc8 39. Ra6 Ne7 40. Rb6 Bg5 41.
Rb7+ Ke6 42. Rxe7+ Bxe7 43. Bxc6 Rxa7 44. Bxa7 Bd6 {Normal} 1-0

[Event "Rated Blitz game"]
[Site "?"]
[Date "2021.06.17"]
[Round "?"]
[White "Tandilensis"]
[Black "chesschampion5555"]
[Result "1-0"]
[WhiteElo "2642"]
[BlackElo "2669"]
[PlyCount "33"]
[EventDate "2021.??.??"]
[EventType "blitz"]

1. e4 e5 2. Nf3 d5 3. Nxe5 Bd6 4. d4 dxe4 5. Bc4 Bxe5 6. Qh5 Qxd4 7. Qxf7+ Kd8
8. Qf8+ Kd7 9. Bxg8 Nc6 10. O-O Ne7 11. Be6+ Kxe6 12. Qxh8 Kf7 13. Nc3 Bf5 14.
Qxa8 Qd6 15. Rd1 Bxh2+ 16. Kh1 Qe5 17. Bg5 {Normal} 1-0

[Event "Rated Blitz game"]
[Site "?"]
[Date "2021.06.17"]
[Round "?"]
[White "suskica"]
[Black "KinzyabulatovRenat"]
[Result "0-1"]
[WhiteElo "2468"]
[BlackElo "2437"]
[PlyCount "78"]
[EventDate "2021.??.??"]
[EventType "blitz"]

1. e4 e5 2. Nf3 d5 3. Nxe5 Bd6 4. d4 dxe4 5. Qe2 Nf6 6. Nc4 O-O 7. Nxd6 Qxd6 8.
Be3 Qb4+ 9. Nd2 Qxb2 10. Rb1 Qxc2 11. h3 Qxa2 12. Qd1 b6 13. Bc4 Qa5 14. O-O a6
15. Nb3 Qh5 16. Be2 Qg6 17. Kh1 a5 18. Qc2 Ba6 19. Bxa6 Nxa6 20. Rfd1 Rac8 21.
d5 Nb4 22. Qc4 Rfd8 23. Rbc1 Nbxd5 24. Bd4 h6 25. Bxf6 Nxf6 26. Rxd8+ Rxd8 27.
Qxc7 Rd3 28. Qxb6 a4 29. Nc5 Rd2 30. Nxa4 Qf5 31. Rf1 Nd5 32. Qb8+ Kh7 33. Kg1
e3 34. fxe3 Rxg2+ 35. Kxg2 Nxe3+ 36. Kh2 Nxf1+ 37. Kg1 Ne3 38. Kh2 Qf2+ 39. Kh1
Qg2# {Normal} 0-1

[Event "Rated Blitz tournament iHSCOLMo"]
[Site "?"]
[Date "2021.06.17"]
[Round "?"]
[White "hopfrog64"]
[Black "DarthZannah"]
[Result "0-1"]
[WhiteElo "2308"]
[BlackElo "2585"]
[PlyCount "70"]
[EventDate "2021.??.??"]
[EventType "blitz"]

1. e4 e5 2. Nf3 d5 3. Nxe5 dxe4 4. Bc4 Qg5 5. d4 Qxg2 6. Rf1 Be6 7. Bxe6 fxe6
8. Bf4 Nf6 9. Qe2 c6 10. Nd2 Nbd7 11. O-O-O Qh3 12. Nxe4 Nd5 13. Bg3 Qf5 14.
Nxd7 Kxd7 15. c4 Nf6 16. Nc5+ Bxc5 17. dxc5+ Ke7 18. Rfe1 Kf7 19. Rd6 Rhe8 20.
Be5 Rad8 21. f4 g6 22. Red1 Ke7 23. Qe1 Rxd6 24. cxd6+ Kd7 25. Qa5 Rc8 26. Qxa7
Kd8 27. Qxb7 Nd7 28. a4 g5 29. Rf1 Rb8 30. Qa7 Qd3 31. Qd4 Qxf1+ 32. Kc2 Qe2+
33. Qd2 Qxd2+ 34. Kxd2 Nxe5 35. fxe5 Rxb2+ {Normal} 0-1